<?xml version="1.0" encoding="UTF-8"?>
<record
    xmlns:xsi="http://www.w3.org/2001/XMLSchema-instance"
    xsi:schemaLocation="http://www.loc.gov/MARC21/slim http://www.loc.gov/standards/marcxml/schema/MARC21slim.xsd"
    xmlns="http://www.loc.gov/MARC21/slim">

  <leader>     nam a22     7a 4500</leader>
  <datafield tag="999" ind1=" " ind2=" ">
    <subfield code="c">44155</subfield>
    <subfield code="d">44155</subfield>
  </datafield>
  <controlfield tag="003">OSt</controlfield>
  <controlfield tag="005">20180504121954.0</controlfield>
  <controlfield tag="008">180504b        xxu||||| |||| 00| 0 eng d</controlfield>
  <datafield tag="040" ind1=" " ind2=" ">
    <subfield code="c">IIMT UNIVERSITY,MEERUT</subfield>
  </datafield>
  <datafield tag="050" ind1=" " ind2=" ">
    <subfield code="a">720.910MEH</subfield>
    <subfield code="b">333</subfield>
  </datafield>
  <datafield tag="082" ind1=" " ind2=" ">
    <subfield code="2">5TH</subfield>
    <subfield code="a">720.910MEH</subfield>
    <subfield code="b">333</subfield>
  </datafield>
  <datafield tag="100" ind1=" " ind2=" ">
    <subfield code="a">MEHROTRA,R</subfield>
  </datafield>
  <datafield tag="245" ind1=" " ind2=" ">
    <subfield code="a">ARCHITECTURE IN INDIA</subfield>
  </datafield>
  <datafield tag="250" ind1=" " ind2=" ">
    <subfield code="a">5TH ED.</subfield>
  </datafield>
  <datafield tag="260" ind1=" " ind2=" ">
    <subfield code="a">DELHI</subfield>
    <subfield code="b">PICTOR</subfield>
    <subfield code="c">2011</subfield>
  </datafield>
  <datafield tag="300" ind1=" " ind2=" ">
    <subfield code="b">5TH ED.311 PP.</subfield>
  </datafield>
  <datafield tag="760" ind1=" " ind2=" ">
    <subfield code="b">5TH ED.</subfield>
  </datafield>
  <datafield tag="856" ind1=" " ind2=" ">
    <subfield code="3">BOUND VOL.</subfield>
  </datafield>
  <datafield tag="887" ind1=" " ind2=" ">
    <subfield code="2">ACCESSION REGISTER</subfield>
  </datafield>
  <datafield tag="942" ind1=" " ind2=" ">
    <subfield code="2">ddc</subfield>
    <subfield code="c">01</subfield>
    <subfield code="e">5TH ED.</subfield>
    <subfield code="k">720.910MEH</subfield>
    <subfield code="m">720.910MEH</subfield>
  </datafield>
  <datafield tag="952" ind1=" " ind2=" ">
    <subfield code="0">0</subfield>
    <subfield code="1">0</subfield>
    <subfield code="2">ddc</subfield>
    <subfield code="3">bound VOLUME</subfield>
    <subfield code="4">0</subfield>
    <subfield code="7">0</subfield>
    <subfield code="a">24</subfield>
    <subfield code="b">24</subfield>
    <subfield code="e">BANSAL BOOKS</subfield>
    <subfield code="f">ARCHITECTU</subfield>
    <subfield code="g">4500.00</subfield>
    <subfield code="i">6283 DATED 28/04/2018</subfield>
    <subfield code="l">0</subfield>
    <subfield code="o">720.910MEH 333</subfield>
    <subfield code="p">24-B-333</subfield>
    <subfield code="r">2018-05-04</subfield>
    <subfield code="t">R</subfield>
    <subfield code="u">ARCHITECTURE</subfield>
    <subfield code="v">4500.00</subfield>
    <subfield code="w">2018-04-30</subfield>
    <subfield code="y">01</subfield>
    <subfield code="z">ARCHITECTURE</subfield>
  </datafield>
</record>
